| 000 | 01104nam a2200301 4500 | ||
|---|---|---|---|
| 001 | 28160 | ||
| 003 | BD-RjUL | ||
| 005 | 20211209051239.0 | ||
| 008 | 140329s1969 nyuabcd 001 0 eng d | ||
| 035 | _a(BD-RjUL)28241 | ||
| 040 |
_aDLC _cDLC _dDLC _dBD-RjUL _beng |
||
| 041 | _aeng | ||
| 082 | 0 | 0 |
_a917.3008 _bPRO 1969 |
| 245 | 0 | 0 |
_aProfile of these United States : _ba Reader's digest resource book for students / _cReader's Digest Services Pty. |
| 260 |
_aPleasantville, N.Y. : _bEducational Division, Reader's Digest Services, inc., _c1969. |
||
| 300 |
_a272 p. : _bill. ; _c21 cm. |
||
| 500 | _a"Compiled editors of the Educational Division, Reader's Digest Services, inc." | ||
| 500 | _aOn cover: Facts and perspectives on our country. | ||
| 504 | _aIncludes index. | ||
| 651 | 0 |
_aUnited States. _986279 |
|
| 651 | 1 |
_aUnited States. _986280 |
|
| 710 | 2 |
_aReader's Digest Services Pty. _bEducational Division. _986281 |
|
| 710 | 2 |
_aReader's Digest Association. _959005 |
|
| 740 | 0 | _aFacts and perspectives on our country. | |
| 942 |
_2ddc _cBK |
||
| 999 |
_c28160 _d28160 |
||